Loading...
| Science - Other | 0 | 5 | 2 | 2 | 40 | 112 | 118.20 | 0 | 3 | 3.14 | 28.64 |
| History - World | 0 | 3 | 0 | 3 | 30 | 94 | 115.00 | 0 | 1 | 2.87 | 12.50 |
| Fine Arts - Painting and Sculpture | 0 | 3 | 1 | 2 | 25 | 86 | 108.00 | 0 | 0 | 3.21 | 7.50 |
| Science - Physics | 0 | 3 | 1 | 0 | 25 | 90 | 105.00 | 0 | 0 | 2.18 | 8.86 |
| Social Science | 0 | 2 | 0 | 0 | 20 | 59 | 68.00 | 0 | 1 | 6.26 | 10.00 |
| Religion | 0 | 1 | 0 | 0 | 10 | 112 | 112.00 | 0 | 0 | 0.95 | 1.82 |
| Science - Chemistry | 0 | 1 | 0 | 0 | 10 | 119 | 119.00 | 0 | 0 | 0.22 | 3.64 |
| Popular Culture | 0 | 1 | 0 | 1 | 10 | 138 | 138.00 | 0 | 0 | 0.00 | 6.25 |
| History - American | 0 | 1 | 0 | 0 | 10 | 130 | 130.00 | 0 | 0 | 0.00 | 1.14 |
| History - European | 0 | 1 | 0 | 0 | 10 | 70 | 70.00 | 0 | 1 | 3.92 | 4.55 |
| History - Other | 0 | 1 | 0 | 0 | 10 | 56 | 56.00 | 0 | 1 | 4.92 | 6.82 |
| Fine Arts - Other | 0 | 1 | 0 | 0 | 10 | 97 | 97.00 | 0 | 1 | 1.49 | 6.82 |
| Other Academic | 0 | 1 | 1 | 0 | 5 | 72 | 72.00 | 0 | 1 | 14.13 | 30.00 |
| Science - Biology | 0 | 0 | 1 | 0 | -5 | 0.00 | 0 | 0 | 0.00 | 0.00 |